What Words Can You Make: Indiana - Statistics

General Stats
  • This quiz has been taken 4 times
  • The average score is 10 of 16
Answer Stats
Letters Answer % Correct
3 Aid
100%
3 And
100%
3 Dan
100%
3 Din
100%
3 Ana
75%
3 Ani
75%
4 Anna
75%
3 AIn
50%
3 Inn
50%
4 Naan
50%
4 Nada
50%
3 Nan
50%
4 Nidi
50%
4 Nana
25%
4 Inia
0%
5 Naiad
0%
No matching quizzes found
Score Distribution
Percent of People with Each Score
Percentile by Number Answered
Your Score History
You have not taken this quiz